Catalog

Record Details

Catalog Search



Zoo  Cover Image Large Print Book Large Print Book

Zoo / James Patterson and Michael Ledwidge.

Patterson, James, 1947- (Author). Ledwidge, Michael. (Added Author).

Summary:

World All over the world, brutal attacks are crippling entire cities. Jackson Oz, a young biologist, watches the escalating events with an increasing sense of dread. When he witnesses a coordinated lion ambush in Africa, the enormity of the violence to come becomes terrifyingly clear. Destruction With the help of ecologist Chloe Tousignant, Oz races to warn world leaders before it's too late. The attacks are growing in ferocity, cunning, and planning, and soon there will be no place left for humans to hide.

Record details

  • ISBN: 9781620903490
  • ISBN: 1620903490
  • Physical Description: 563 p. (large print) ; 25 cm.
  • Edition: Doubleday large print home library ed.
  • Publisher: New York : Little, Brown, 2012.
Subject: Aggressive behavior in animals > Fiction.
Human-animal relationships > Fiction.
Biologists > Fiction.
Ecologists > Fiction.
Genre: aLarge type books.
Thrillers (Fiction)

LDR 01586nam a2200313Ia 4500
001136242
003SBPL
00520140703073309.0
008121015r20122012nyu d 000 1 eng
020 . ‡a9781620903490
020 . ‡a1620903490
035 . ‡a(CONS)136242
035 . ‡a(CPomAG)LMN563468
05014. ‡aPS3566.A822 ‡bZ96 2012
08204. ‡a813/.54 ‡223
1001 . ‡aPatterson, James, ‡d1947-
24510. ‡aZoo / ‡cJames Patterson and Michael Ledwidge.
250 . ‡aDoubleday large print home library ed.
260 . ‡aNew York : ‡bLittle, Brown, ‡c2012.
300 . ‡a563 p. (large print) ; ‡c25 cm.
336 . ‡atext ‡btxt ‡2rdacontent
337 . ‡aunmediated ‡bn ‡2rdamedia
338 . ‡avolume ‡bnc ‡2rdacarrier
520 . ‡aWorld All over the world, brutal attacks are crippling entire cities. Jackson Oz, a young biologist, watches the escalating events with an increasing sense of dread. When he witnesses a coordinated lion ambush in Africa, the enormity of the violence to come becomes terrifyingly clear. Destruction With the help of ecologist Chloe Tousignant, Oz races to warn world leaders before it's too late. The attacks are growing in ferocity, cunning, and planning, and soon there will be no place left for humans to hide.
650 0. ‡aAggressive behavior in animals ‡vFiction.
650 0. ‡aHuman-animal relationships ‡vFiction.
650 0. ‡aBiologists ‡vFiction.
650 0. ‡aEcologists ‡vFiction.
6550 . ‡aaLarge type books.
655 7. ‡aThrillers (Fiction) ‡2lcgft
7001 . ‡aLedwidge, Michael.
901 . ‡a136242 ‡bUnknown ‡c136242 ‡tbiblio

Additional Resources